| 000 | 00709nam a22002057a 4500 | ||
|---|---|---|---|
| 003 | OSt | ||
| 005 | 20260305031912.0 | ||
| 008 | 260305b |||||||| |||| 00| 0 eng d | ||
| 020 | _a9786215110000 | ||
| 040 |
_aDWCL - Main Lib. _cOC |
||
| 082 | _aCirc. 248.8 C967l 2025 | ||
| 100 | _aCullen, V. P. | ||
| 245 |
_aLife skills for teens: _bpreparing for adulthood with wisdom, faith and practical skills / _cV. P. Cullen |
||
| 260 |
_aParaƱaque City, Philippines : _bActs 29 Publishing, _cc2025. |
||
| 300 |
_a80 pages ; _c22cm. |
||
| 650 | _a1. Christian life -- Youth. | ||
| 650 | _a2. Christian teenagers -- Religious life. | ||
| 650 | _a3. Teenagers -- Conduct of life. | ||
| 942 |
_2ddc _cBK-CIRC _n0 |
||
| 999 |
_c8636 _d8636 |
||